000 00708nam a22002297a 4500
005 20170124110007.0
010 _aA-952484
020 _c200.00
035 _aA-952484
037 _bCen Lib/Ret
040 _aDPL
_bEN
082 _a304.6
_bDAS
100 _aDas, B. M
_917081
245 _aThe Brahmaputra valley population /
_cby B. M. Das
260 _aAllahabad
_bKitab Mahal
_c1997
270 _aKitab Mahal, 22-A Sarojini Naidu Marg
_bAllahabad
300 _a156p. :
_c21cm(Hb)
_bill
500 _aIncludes bibliographic references and index
650 _aPhysical anthropology
_917082
650 _aBrahmaputra River Valley
_zAsia
_920138
942 _2ddc
_cEN
_h304.6
_mDAS
999 _c126264
_d126264